000 00609nam a2200193Ia 4500
003 IN-BaIIA
005 20250704120006.0
008 211028s9999 xx 000 0 eng d
040 _cIIA Library
080 _a550.38
_bFLU
100 _aNorris, J. A.
_91015
245 0 _aTelegraphic measurement of the differences of longitude by offices of the U.S. Navy 1878-79
_cJ. A. Norris, C. H. Davis and F. M. Green
260 _aWashington
_bNavy Department
_c1880
300 _a87p.
650 _aLongitudes
_91016
650 _aTelegraphic determinations
_91017
700 _aDavis, C. H.
_91018
942 _cBK
_2ddc
999 _c438
_d438